000 01513nam a22003377a 4500
001 000361
003 DO-SdBNP
005 20180306134323.0
007 000361
008 160429b 2000 dr a ||||| |||| 00| 0 spa d
020 _a9945444441
040 _aBPMSU
_bspa
_cBPMSU
092 _a372.257
_bV335c 1ro. [20--?]
100 _aVásquez Güichardo, Julia Mery
245 1 0 _aCiencias de la naturaleza 1 :
_b[educación básica]
_cJulia Mery Vásquez Gúichardo; Andrea Griselda Rincón Ozuna.
260 _aSanto Domingo :
_bActualidad escolar 2000
_c[20--]
300 _a2v. :
_bil. :
_c28 cm
500 _aLa biblioteca posee libro texto y libro del maestro.
500 _aEste libro ha sido realizado de acuerdo al currículum vigente y ha sido sometido a la evaluación y aprobación de SEE.
505 0 _gUnidad 1
_tConozco mi cuerpo --
_gUnidad 2
_tAnimales de mi entorno --
_gUnidad 3
_tLas plantas de mi entorno --
_gUnidad 4
_tLos seres vivos se relacionan con su ambiente --
_gUnidad 5
_tTecnología en la vida.
650 4 _aCIENCIAS NATURALES
_xENSEÑANZA BÁSICA
650 4 _aCIENCIAS NATURALES
_xEDUCACIÓN PRIMARIA
650 4 _aCIENCIAS NATURALES
_xLIBROS DE TEXTOS
650 4 _aCIENCIAS NATURALES
_xESTUDIOS Y EJERCICIOS
650 4 _aEDUCACIÓN PRIMARIA
_zREPÚBLICA DOMINICANA
700 1 2 _aRincón Ozuna, Andrea Griselda
910 _aValidado. Control de calidad MFF
942 _2ddc
_cBK
945 _aRemanejado para la BNPHU / 2018 VM
956 _aDaysi García
_210
_3BPMSU
999 _c10031
_d10031